[Event "39th WCh U20 Girls"]
[Site "Mexico City MEX"]
[Date "2023.09.22"]
[Round "2.4"]
[White "Rakshitta, Ravi"]
[Black "Diaz Charpentier, Kristel Meliss"]
[Result "1-0"]
[WhiteElo "2272"]
[BlackElo "1951"]
[EventDate "2023.09.21"]
[PlyCount "57"]

1.e4 c5 2.Nf3 Nc6 3.Bb5 g6 4.Bxc6 dxc6 5.d3 Bg7 6.h3 Nf6 7.O-O Nd7 8.Nc3 
e5 9.Be3 h6 10.Nh2 b6 11.f4 exf4 12.Bxf4 Nf8 13.Qf3 Be6 14.Qg3 g5 15.Be5 
Bxe5 16.Qxe5 Qd4+ 17.Qxd4 cxd4 18.Ne2 c5 19.Ng4 Bxg4 20.hxg4 Ng6 21.Rf5 
Ke7 22.Raf1 Raf8 23.c3 dxc3 24.bxc3 f6 25.d4 cxd4 26.cxd4 h5 27.gxh5 Rxh5 
28.Nc3 Nf4 29.R1xf4 1-0

[Event "39th WCh U20 Girls"]
[Site "Mexico City MEX"]
[Date "2023.09.22"]
[Round "2.5"]
[White "Mikheeva, Galina"]
[Black "Hryzlova, Sofiia"]
[Result "0-1"]
[WhiteElo "1969"]
[BlackElo "2228"]
[EventDate "2023.09.21"]
[PlyCount "98"]

1.c4 e6 2.e4 c5 3.Nc3 Nc6 4.Nf3 Nd4 5.Nxd4 cxd4 6.Nb5 e5 7.c5 a6 8.Nd6+ 
Bxd6 9.cxd6 Nf6 10.Qb3 O-O 11.Bd3 b5 12.O-O Bb7 13.Qb4 Qb6 14.a4 Bxe4 15.
Bxe4 Nxe4 16.Re1 Nc5 17.Ra3 Qxd6 18.axb5 Rab8 19.Ra5 Qb6 20.Qa3 axb5 21.b4
Nb7 22.Ra6 Qc7 23.d3 Nd8 24.Bd2 Nc6 25.Rc1 Qd6 26.Rc5 Rfe8 27.f3 h5 28.Qb3
Re6 29.Qa3 Kh7 30.Ra8 Ree8 31.Rxb8 Rxb8 32.Qb3 Qg6 33.Kf2 Rb6 34.Qa3 Qf6 
35.g3 d6 36.Rc1 d5 37.Kg2 Ne7 38.Rc2 Nf5 39.Qa8 Ne7 40.Qd8 Re6 41.Qd7 Qg6 
42.Qxb5 Rb6 43.Qe8 Qxd3 44.Ra2 Rf6 45.f4 Qe4+ 46.Kh3 Qb1 47.Qxe7 Qxa2 48.
fxe5 Rf2 49.e6 Qxd2 0-1

[Event "39th WCh U20 Girls"]
[Site "Mexico City MEX"]
[Date "2023.09.22"]
[Round "2.6"]
[White "Krasteva, Beloslava"]
[Black "Skaslien, Ingrid"]
[Result "1-0"]
[WhiteElo "2223"]
[BlackElo "1919"]
[EventDate "2023.09.21"]
[PlyCount "69"]

1.d4 Nf6 2.c4 b6 3.Nc3 Bb7 4.f3 d5 5.cxd5 Nxd5 6.e4 Nxc3 7.bxc3 e6 8.Bd3 
c5 9.Ne2 Qh4+ 10.g3 Qd8 11.O-O Nd7 12.d5 exd5 13.exd5 Bd6 14.c4 O-O 15.Qc2
h6 16.Bb2 Re8 17.f4 b5 18.cxb5 Bxd5 19.Bh7+ Kh8 20.Rad1 Qe7 21.Rxd5 Nb6 
22.Rxd6 Qxd6 23.Be4 Rad8 24.Bc6 Re3 25.Bc1 Re7 26.Nc3 Nc4 27.Rd1 Qxd1+ 28.
Nxd1 Re1+ 29.Kf2 Rdxd1 30.Qxc4 Rxc1 31.Qxf7 Rf1+ 32.Kg2 Rfe1 33.Bd5 Kh7 
34.Qf5+ Kh8 35.Qf8+ 1-0

[Event "39th WCh U20 Girls"]
[Site "Mexico City MEX"]
[Date "2023.09.22"]
[Round "2.7"]
[White "Mogollon Tobar, Nicolle Julieth"]
[Black "Ciolacu, Alessia-Mihaela"]
[Result "0-1"]
[WhiteElo "1943"]
[BlackElo "2199"]
[EventDate "2023.09.21"]
[PlyCount "118"]

1.e4 c5 2.Nf3 d6 3.d4 cxd4 4.Nxd4 Nf6 5.Nc3 a6 6.f3 e5 7.Nb3 Be6 8.Be3 h5 
9.Nd5 Bxd5 10.exd5 Nbd7 11.Be2 g6 12.Qd2 Bg7 13.O-O b6 14.Rac1 O-O 15.c4 
Re8 16.Na1 e4 17.f4 Ng4 18.Bxg4 hxg4 19.Nb3 f5 20.Nd4 Nc5 21.b4 Nd3 22.Nc6
Qc7 23.Rc2 Qb7 24.Rb1 b5 25.c5 Qd7 26.Rb3 dxc5 27.Rxc5 Bf8 28.Rxd3 exd3 
29.Qxd3 Bd6 30.Bd2 Re4 31.g3 Rae8 32.Rc2 Qc7 33.Bc3 Qb6+ 34.Kg2 Qb7 35.Ne5
Qb6 36.Nc6 Re3 37.Qd1 Qb7 38.Be5 Qh7 39.Qd2 Re4 40.Kg1 g5 41.Qf2 gxf4 42.
gxf4 Qh3 43.Rc3 Qh6 44.a3 Qg6 45.Rc1 Qh6 46.Rc3 Bc7 47.Rc2 Bd6 48.Rc3 Qh5 
49.Rc1 Bxe5 50.Nxe5 Qh6 51.Rf1 Re7 52.Qa2 Kf8 53.Qc2 Kg7 54.Qc5 Qh4 55.Qc3
Kh7 56.Qc8 Qh5 57.Nd7 Rf7 58.Qc7 Qh6 59.Qd8 Re2 0-1

[Event "39th WCh U20 Girls"]
[Site "Mexico City MEX"]
[Date "2023.09.22"]
[Round "2.8"]
[White "Destic, Elena"]
[Black "Kanyamarala, Trisha"]
[Result "1-0"]
[WhiteElo "1904"]
[BlackElo "2184"]
[EventDate "2023.09.21"]
[PlyCount "103"]

1.e4 c5 2.Nf3 d6 3.c3 Nf6 4.h3 g6 5.Bd3 Bg7 6.Bc2 Nc6 7.O-O O-O 8.d4 Qc7 
9.d5 Nb8 10.c4 b5 11.cxb5 a6 12.bxa6 Bxa6 13.Re1 Nbd7 14.Nc3 Rfb8 15.Rb1 
Ne8 16.h4 Rb7 17.Bd2 Rab8 18.Qc1 Nef6 19.Ne2 Bc4 20.Bc3 Bxa2 21.Ra1 Bc4 
22.Ng3 Bb5 23.h5 Nf8 24.h6 Bh8 25.Ng5 Be8 26.Qf4 N8d7 27.Qh4 c4 28.f4 Nc5 
29.Rad1 Ba4 30.Bxa4 Nxa4 31.e5 Nxc3 32.bxc3 Qc5+ 33.Kh1 dxe5 34.fxe5 Nxd5 
35.N3e4 Qc6 36.Qf2 f6 37.e6 Rb2 38.Qf3 Rf8 39.Rxd5 Rbb8 40.Rc5 Qb6 41.Nf7 
f5 42.Rxf5 Qxe6 43.Nf6+ Qxf6 44.Rxf6 Bxf6 45.Ne5 Rb5 46.Nd7 Rh5+ 47.Kg1 
Bd4+ 48.cxd4 Rxf3 49.gxf3 Rd5 50.Rxe7 Rxd4 51.Rg7+ Kh8 52.Nf6 1-0

[Event "39th WCh U20 Girls"]
[Site "Mexico City MEX"]
[Date "2023.09.22"]
[Round "2.9"]
[White "Getman, Tatyana"]
[Black "Moracchini, Margaux"]
[Result "1-0"]
[WhiteElo "2172"]
[BlackElo "1897"]
[EventDate "2023.09.21"]
[PlyCount "99"]

1.d4 Nf6 2.c4 e6 3.Nc3 Bb4 4.Qc2 d5 5.cxd5 exd5 6.Bg5 O-O 7.e3 c6 8.Bd3 h6
9.Bh4 Nbd7 10.Nf3 Re8 11.O-O a6 12.Rfe1 Qc7 13.Rac1 c5 14.dxc5 Qxc5 15.
Red1 Ne4 16.Nxe4 Qxc2 17.Nf6+ Nxf6 18.Bxc2 g5 19.Bg3 Bg4 20.Bb3 Rac8 21.
Be5 Bxf3 22.Rxc8 Bxd1 23.Rxe8+ Nxe8 24.Bxd1 Bd6 25.Bd4 Nc7 26.Bf3 b5 27.
Bf6 Ne8 28.Bd8 Nc7 29.h4 gxh4 30.Bxh4 Kg7 31.Kf1 Be5 32.b3 f6 33.Ke2 Kf8 
34.Bg4 Ke7 35.f4 Bb2 36.Be1 Ba3 37.Kd3 Bc5 38.Bf3 Ke6 39.g4 f5 40.Bc3 Bf8 
41.Be5 Ne8 42.gxf5+ Kxf5 43.Bxd5 Nd6 44.Bf3 Kg6 45.e4 h5 46.Bd4 h4 47.Bg4 
Be7 48.Be3 Ne8 49.e5 Nc7 50.Ke4 1-0

[Event "39th WCh U20 Girls"]
[Site "Mexico City MEX"]
[Date "2023.09.22"]
[Round "2.10"]
[White "Hernandez Gil, Ineymig"]
[Black "Castillo Beitia, Ashley Alexandra"]
[Result "1-0"]
[WhiteElo "2170"]
[BlackElo "1870"]
[EventDate "2023.09.21"]
[PlyCount "113"]

1.e4 c5 2.Nf3 d6 3.c3 d5 4.exd5 Qxd5 5.d4 Nc6 6.dxc5 Qxd1+ 7.Kxd1 Bg4 8.
Nd2 Nf6 9.h3 Bh5 10.g4 Bg6 11.Nh4 Be4 12.Nxe4 Nxe4 13.Be3 e6 14.Bg2 Nxc5 
15.b4 Na4 16.Kc2 Be7 17.Nf3 O-O 18.Kb3 Nxc3 19.Kxc3 Nxb4 20.Kb3 Nd5 21.
Rac1 Rfd8 22.Rhd1 a5 23.a4 b5 24.Nd4 bxa4+ 25.Kxa4 Bb4 26.Bxd5 Rxd5 27.Nc6
Rxd1 28.Rxd1 Rc8 29.Nxb4 axb4 30.Kxb4 h6 31.Rd7 Rc2 32.Kb3 Rc6 33.Rd4 Kh7 
34.Rc4 Ra6 35.Kc2 Ra1 36.h4 e5 37.Kd3 f6 38.h5 Rd1+ 39.Ke4 Rd7 40.Ra4 Rc7 
41.Kf5 Rc6 42.Ke4 Rc8 43.Kd5 Rd8+ 44.Ke6 Rc8 45.Kd6 Rc3 46.Bc5 Rc2 47.Kd5 
Rd2+ 48.Ke6 Rc2 49.Bf8 Rc6+ 50.Bd6 Rc2 51.Ra7 Rc4 52.f3 Rc6 53.Rd7 Rc8 54.
Kf7 Rc3 55.Bf8 Rxf3 56.Bxg7 f5 57.Kf8 1-0

[Event "39th WCh U20 Girls"]
[Site "Mexico City MEX"]
[Date "2023.09.22"]
[Round "2.12"]
[White "Rodriguez Redondo, Adhara"]
[Black "Milner, Romi"]
[Result "1-0"]
[WhiteElo "2135"]
[BlackElo "1856"]
[EventDate "2023.09.21"]
[PlyCount "85"]

1.e4 e5 2.Nf3 Nc6 3.Bc4 Bc5 4.c3 Nf6 5.d3 h6 6.Nbd2 d6 7.Bb3 O-O 8.Nf1 Ne7
9.d4 exd4 10.cxd4 Bb4+ 11.Bd2 Bxd2+ 12.N1xd2 Ng6 13.O-O Re8 14.Re1 Be6 15.
Rc1 Qd7 16.Bc2 Nf4 17.Nf1 Bg4 18.Re3 Re7 19.Ng3 d5 20.e5 Nh7 21.Qd2 Nh5 
22.e6 Qd6 23.exf7+ Rxf7 24.Ne5 Rf4 25.Nxg4 Nxg3 26.Bxh7+ Kxh7 27.Rxg3 Re8 
28.Ne5 Qf6 29.Rf1 Qf5 30.Qd3 c6 31.Qxf5+ Rxf5 32.Rb3 Re7 33.Nf3 Rf6 34.Re3
Rc7 35.Rfe1 Rff7 36.h4 Rfd7 37.Ne5 Re7 38.h5 Kg8 39.Ng6 Rxe3 40.Rxe3 Kf7 
41.g4 Kf6 42.Kg2 Rd7 43.Rf3+ 1-0

[Event "39th WCh U20 Girls"]
[Site "Mexico City MEX"]
[Date "2023.09.22"]
[Round "2.13"]
[White "Mendoza Recio, Josselyne"]
[Black "Goraj, Barbara"]
[Result "0-1"]
[WhiteElo "1573"]
[BlackElo "2135"]
[EventDate "2023.09.21"]
[PlyCount "74"]

1.e4 c5 2.Nc3 Nc6 3.Bb5 Nd4 4.Bc4 e6 5.Nge2 Ne7 6.Nxd4 cxd4 7.Ne2 Nc6 8.d3
Bc5 9.a3 a5 10.f4 O-O 11.O-O Ne7 12.Ba2 f5 13.b4 Ba7 14.Kh1 b5 15.Bb2 Nc6 
16.Qe1 axb4 17.axb4 Qe7 18.c3 dxc3 19.Bxc3 Bb7 20.Bb3 Kh8 21.Ng3 Bd4 22.
Bxd4 Nxd4 23.Qc3 Rxa1 24.Rxa1 Nxb3 25.Qxb3 fxe4 26.dxe4 Rxf4 27.Qc3 Rf8 
28.Rc1 h6 29.Qd4 Bc6 30.Rf1 Rxf1+ 31.Nxf1 e5 32.Qc3 Bxe4 33.Ng3 Bg6 34.Kg1
Kh7 35.h4 Qxh4 36.Qxe5 Qxb4 37.Nf5 Qb1+ 0-1

[Event "39th WCh U20 Girls"]
[Site "Mexico City MEX"]
[Date "2023.09.22"]
[Round "2.14"]
[White "Zhang Xiao"]
[Black "Aguilar Sanchez, Citlalli Genoveva"]
[Result "1-0"]
[WhiteElo "2128"]
[BlackElo "1520"]
[EventDate "2023.09.21"]
[PlyCount "77"]

1.d4 d5 2.c4 e6 3.Nc3 Nf6 4.Nf3 Nbd7 5.Bf4 Bd6 6.Bxd6 cxd6 7.cxd5 exd5 8.
e3 O-O 9.Bd3 Re8 10.O-O Nf8 11.Qb3 Qa5 12.Rfc1 Rb8 13.Qb5 Qd8 14.Nxd5 Nxd5
15.Qxd5 Be6 16.Qg5 Qxg5 17.Nxg5 h6 18.Nxe6 Nxe6 19.Rc3 d5 20.Rac1 Nd8 21.
Rc5 Nc6 22.Bb5 Red8 23.Bxc6 bxc6 24.b3 Rdc8 25.Rxc6 Rxc6 26.Rxc6 Rb6 27.
Rxb6 axb6 28.Kf1 Kf8 29.Ke2 Ke7 30.Kd3 Kd6 31.a4 f5 32.f3 Kc6 33.e4 g6 34.
e5 g5 35.b4 h5 36.a5 f4 37.a6 g4 38.a7 Kb7 39.e6 1-0

[Event "39th WCh U20 Girls"]
[Site "Mexico City MEX"]
[Date "2023.09.22"]
[Round "2.15"]
[White "Pantaleon Salmoran, Atzin Yaret"]
[Black "Bommini, Mounika Akshaya"]
[Result "0-1"]
[WhiteElo "1347"]
[BlackElo "2096"]
[EventDate "2023.09.21"]
[PlyCount "94"]

1.e4 e5 2.Nf3 Nc6 3.Bc4 Nf6 4.d3 h6 5.c3 d6 6.Nbd2 g5 7.h3 Bg7 8.Bb3 a5 9.
a4 d5 10.Qe2 O-O 11.g4 Be6 12.Bc2 dxe4 13.dxe4 Nd7 14.Nf1 Ne7 15.Ng3 Ng6 
16.Nf5 Nb6 17.b3 Qd7 18.h4 Qc6 19.c4 Bxf5 20.gxf5 Nf4 21.Bxf4 exf4 22.
O-O-O Qc5 23.Rd3 g4 24.Nd2 h5 25.Nb1 Qe5 26.Nc3 Nc8 27.Re1 Nd6 28.Qd2 Rfe8
29.Bd1 Nxf5 30.Kb2 Nd4 31.Be2 Ra6 32.Rd1 Rd6 33.Rc1 Red8 34.Rd1 Nxe2 35.
Qxe2 Rxd3 36.Rxd3 Rxd3 37.Qxd3 Qxc3+ 38.Qxc3 Bxc3+ 39.Kxc3 g3 40.b4 gxf2 
41.bxa5 f1=Q 42.Kb4 f3 43.Kb5 f2 44.a6 bxa6+ 45.Kxa6 Qxc4+ 46.Ka5 Qc5+ 47.
Ka6 Qb6# 0-1

[Event "39th WCh U20 Girls"]
[Site "Mexico City MEX"]
[Date "2023.09.22"]
[Round "2.16"]
[White "Vanduyfhuys, Daria"]
[Black "Garcia Ortega, Natalia Belen"]
[Result "1-0"]
[WhiteElo "2088"]
[BlackElo "1488"]
[EventDate "2023.09.21"]
[PlyCount "103"]

1.d4 d5 2.c4 c6 3.Nf3 Nf6 4.Nc3 e6 5.Bg5 Nbd7 6.e3 Qa5 7.Nd2 Ne4 8.Ncxe4 
dxe4 9.Bh4 e5 10.a3 exd4 11.exd4 Qb6 12.Nb3 c5 13.Qc2 Qg6 14.Rd1 Nf6 15.
Bxf6 gxf6 16.Nxc5 Bxc5 17.dxc5 O-O 18.Qc3 Bg4 19.Rd6 Rad8 20.h3 Be6 21.Qd4
Rc8 22.h4 e3 23.fxe3 Qg3+ 24.Kd2 Qf2+ 25.Kc3 Bf5 26.e4 Qe1+ 27.Kb3 Bxe4 
28.Bd3 Qxh1 29.Qxe4 Qd1+ 30.Ka2 Qh5 31.Rxf6 Rxc5 32.g4 Qxh4 33.Rf1 Qh6 34.
Rh1 Qg7 35.Rxh7 Qe5 36.Qh1 Rd8 37.Qf3 Rc7 38.Rh5 Qd4 39.Rh3 Rcd7 40.Qh1 
Qg7 41.Bh7+ Kf8 42.Bf5 Rd1 43.Rh8+ Ke7 44.Qe4+ Kf6 45.Rh7 Qf8 46.Qe3 R8d6 
47.Rh6+ Qxh6 48.Qxh6+ Ke5 49.Qe3+ Kf6 50.Qxa7 b6 51.c5 bxc5 52.Qxc5 1-0

[Event "39th WCh U20 Girls"]
[Site "Mexico City MEX"]
[Date "2023.09.22"]
[Round "2.17"]
[White "Ham Corona, Ana Paola"]
[Black "Ter-Avetisjana, Agnesa Stepania"]
[Result "0-1"]
[WhiteElo "1290"]
[BlackElo "2080"]
[EventDate "2023.09.21"]
[PlyCount "92"]

1.e4 c6 2.d4 d5 3.Nd2 dxe4 4.Nxe4 Bf5 5.Ng3 Bg6 6.h4 h6 7.Nf3 e6 8.h5 Bh7 
9.Bd3 Bxd3 10.Qxd3 Nf6 11.Bf4 c5 12.O-O-O Nc6 13.Ne4 Nd5 14.Be3 Qa5 15.Kb1
O-O-O 16.Qb3 Nxe3 17.Qxe3 c4 18.Nc3 Bb4 19.Ne5 Nxe5 20.dxe5 Bxc3 21.Qxc3 
Qxc3 22.bxc3 Kc7 23.Kb2 Kc6 24.Rd4 Rxd4 25.cxd4 Kd5 26.Kc3 b5 27.a3 Rb8 
28.Rh4 a5 29.Rf4 b4+ 30.axb4 axb4+ 31.Kb2 Rb7 32.f3 b3 33.cxb3 Rxb3+ 34.
Kc2 Rb7 35.Rg4 Ra7 36.Kc3 Ra3+ 37.Kc2 Re3 38.Kc1 c3 39.Rxg7 Kc4 40.Rxf7 
Kd3 41.Kd1 c2+ 42.Kc1 Re1+ 43.Kb2 c1=Q+ 44.Kb3 Qc4+ 45.Kb2 Qc3+ 46.Ka2 
Ra1# 0-1

[Event "39th WCh U20 Girls"]
[Site "Mexico City MEX"]
[Date "2023.09.22"]
[Round "2.20"]
[White "Ivan, Reka Gyongyver"]
[Black "Lu Miaoyi"]
[Result "0-1"]
[WhiteElo "1857"]
[BlackElo "2214"]
[EventDate "2023.09.21"]
[PlyCount "76"]

1.d4 Nf6 2.Bf4 d5 3.e3 c5 4.c3 Nc6 5.Nd2 e6 6.Ngf3 cxd4 7.exd4 Nh5 8.Be3 
Bd6 9.Bd3 Nf4 10.Bxf4 Bxf4 11.Qe2 f6 12.O-O O-O 13.h3 Kh8 14.Rad1 e5 15.
Bc2 e4 16.Nh2 Qc7 17.g3 Bxd2 18.Rxd2 Bxh3 19.Re1 Be6 20.c4 f5 21.Nf1 Ne7 
22.Ne3 Rf6 23.Bb3 f4 24.Nxd5 Bxd5 25.cxd5 fxg3 26.Qxe4 gxf2+ 27.Rxf2 Rxf2 
28.Kxf2 Rf8+ 29.Ke2 Nf5 30.Kd1 h6 31.Qe5 Qb6 32.Re4 Nd6 33.Rf4 Re8 34.Qh5 
Qb4 35.Qh4 Qb5 36.Qf2 Qd3+ 37.Kc1 Re2 38.Rf8+ Kh7 0-1

[Event "39th WCh U20 Girls"]
[Site "Mexico City MEX"]
[Date "2023.09.22"]
[Round "2.21"]
[White "Diaz Gonzalez Jardon, Shirel"]
[Black "Obregon Garcia, Roxangel"]
[Result "0-1"]
[WhiteElo "1328"]
[BlackElo "2171"]
[EventDate "2023.09.21"]
[PlyCount "94"]

1.e4 c5 2.Nf3 d6 3.d4 cxd4 4.Nxd4 Nf6 5.Nc3 a6 6.Bg5 Nbd7 7.a4 Qc7 8.Be2 
e6 9.O-O Be7 10.Kh1 h6 11.Be3 b6 12.Nb3 Bb7 13.Bd3 O-O 14.f4 Rad8 15.Qe2 
Qb8 16.Bxa6 Nxe4 17.Nxe4 Bxe4 18.Bb5 Nf6 19.h3 Rc8 20.c3 Bd5 21.Nd2 Bd8 
22.Rad1 Qa8 23.f5 e5 24.Qf2 Kh8 25.Rg1 Qb7 26.Kh2 Nh5 27.Qe2 Nf4 28.Bxf4 
exf4 29.Ba6 Qc7 30.Bxc8 Qxc8 31.Qd3 Ba8 32.Nf3 Bxf3 33.Qxf3 Qxf5 34.Rxd6 
Bh4 35.Rgd1 Re8 36.Qd3 Qe5 37.Kh1 Qc5 38.Qd4 Qg5 39.Qd2 Re3 40.b4 Qg3 41.
Rd3 Bg5 42.a5 bxa5 43.bxa5 f3 44.Qc2 Rxd3 45.Rxd3 Qe1+ 46.Kh2 Bf4+ 47.g3 
Bxg3# 0-1

[Event "39th WCh U20 Girls"]
[Site "Mexico City MEX"]
[Date "2023.09.22"]
[Round "2.22"]
[White "Telles Fukushima, Karla Akemi"]
[Black "Hernandez Bermudez, Manuela"]
[Result "0-1"]
[WhiteElo "1243"]
[BlackElo "1905"]
[EventDate "2023.09.21"]
[PlyCount "96"]

1.b3 Nf6 2.Bb2 d5 3.Nf3 g6 4.e3 Bg7 5.c4 c6 6.d3 O-O 7.Nc3 Re8 8.Be2 e5 9.
O-O d4 10.exd4 exd4 11.Na4 Nh5 12.Nc5 Qe7 13.Ne4 f5 14.Ned2 Qxe2 15.Qxe2 
Rxe2 16.Rae1 Rxe1 17.Rxe1 Bd7 18.Bxd4 Bxd4 19.Nxd4 c5 20.N4f3 Nc6 21.a3 
Nf4 22.Re3 Re8 23.Ne1 Ne5 24.g3 Nexd3 25.gxf4 Rxe3 26.fxe3 Nxe1 27.Kf2 Nc2
28.Nb1 Bc6 29.Ke2 Be4 30.Nc3 Nxa3 31.Nxe4 fxe4 32.Kd2 b5 33.Kc3 b4+ 34.Kd2
Nb1+ 35.Kc2 Nc3 36.Kd2 Kf7 37.Ke1 a5 38.Kd2 Kf6 39.h3 g5 40.fxg5+ Kxg5 41.
Ke1 Kh4 42.Kf2 a4 43.bxa4 b3 44.a5 b2 45.a6 b1=Q 46.a7 Qc2+ 47.Kf1 Kg3 48.
a8=Q Qf2# 0-1

[Event "39th WCh U20 Girls"]
[Site "Mexico City MEX"]
[Date "2023.09.22"]
[Round "2.23"]
[White "Koksa, Jelena"]
[Black "Castellanos Hernandez, Lhia Itzayana"]
[Result "0-1"]
[WhiteElo "1748"]
[BlackElo "1890"]
[EventDate "2023.09.21"]
[PlyCount "58"]

1.e4 e5 2.Nf3 Nc6 3.d4 exd4 4.Nxd4 Nf6 5.Nxc6 bxc6 6.Bd3 d5 7.exd5 cxd5 8.
O-O Be7 9.c4 O-O 10.Nc3 Be6 11.cxd5 Nxd5 12.Nxd5 Qxd5 13.Qc2 Qh5 14.Bf4 c5
15.Rfe1 Rad8 16.Re5 Qh4 17.g3 Qh3 18.f3 Rxd3 19.Qxd3 Rd8 20.Qe2 Bf6 21.Re4
Bd4+ 22.Be3 Bd5 23.Re7 Bf6 24.Rxa7 Re8 25.Qf2 Rxe3 26.Rd1 Bd4 27.Rxd4 cxd4
28.Ra5 Bxf3 29.Qxf3 Re1+ 0-1

[Event "39th WCh U20 Girls"]
[Site "Mexico City MEX"]
[Date "2023.09.22"]
[Round "2.25"]
[White "Maione, Melissa"]
[Black "Middleton, Jody"]
[Result "1/2-1/2"]
[WhiteElo "1931"]
[BlackElo "1699"]
[EventDate "2023.09.21"]
[PlyCount "125"]

1.e4 e6 2.d4 d5 3.Nc3 Bb4 4.e5 c5 5.a3 Bxc3+ 6.bxc3 Ne7 7.Qg4 cxd4 8.Bd3 
Qc7 9.Ne2 dxc3 10.Qxg7 Rg8 11.Qxh7 Qxe5 12.Bf4 Qf6 13.h4 Nd7 14.Bg5 Qh8 
15.Qxh8 Rxh8 16.Nxc3 a6 17.h5 f6 18.Bd2 e5 19.g4 Nc5 20.Be2 d4 21.Nd1 Ne4 
22.Bc1 Bd7 23.Rg1 O-O-O 24.Rb1 Rdg8 25.f3 Nc5 26.Bc4 Rd8 27.Bd2 Nc6 28.Nf2
b5 29.Bd5 Be8 30.Bxc6 Bxc6 31.Bb4 Rd5 32.Kd2 Ne6 33.Ne4 Ng5 34.Rbf1 Rd7 
35.Kd3 Nxe4 36.fxe4 Rf7 37.Bd6 Rhh7 38.Rf2 Kd7 39.Bb4 Ke6 40.Bd2 Bb7 41.
Rgf1 Rhg7 42.g5 fxg5 43.Rxf7 Rxf7 44.Rxf7 Kxf7 45.Bxg5 a5 46.h6 Ba6 47.h7 
b4+ 48.Kd2 Kg7 49.Bf6+ Kxh7 50.axb4 axb4 51.Bxe5 Bc4 52.Bxd4 b3 53.c3 b2 
54.Kc2 b1=Q+ 55.Kxb1 Bd3+ 56.Kb2 Bxe4 57.c4 Kg6 58.Kb3 Kf7 59.Kb4 Ke8 60.
c5 Kd7 61.Kb5 Kc8 62.c6 Bxc6+ 63.Kxc6 1/2-1/2

[Event "39th WCh U20 Girls"]
[Site "Mexico City MEX"]
[Date "2023.09.22"]
[Round "3.1"]
[White "Yip, Carissa"]
[Black "Rodriguez Redondo, Adhara"]
[Result "1-0"]
[WhiteElo "2372"]
[BlackElo "2135"]
[EventDate "2023.09.21"]
[PlyCount "89"]

1.Nf3 d5 2.c4 e6 3.g3 Nf6 4.Bg2 Be7 5.O-O O-O 6.d4 dxc4 7.Qc2 a6 8.a4 Bd7 
9.Rd1 Bc6 10.Bg5 a5 11.Nbd2 Na6 12.Nxc4 Nb4 13.Qc1 h6 14.Bxf6 Bxf6 15.b3 
Be4 16.Nfe5 Bxg2 17.Kxg2 Qd5+ 18.f3 Bxe5 19.e4 Qc6 20.Nxe5 Qxc1 21.Raxc1 
Rac8 22.Rc5 Rfd8 23.f4 b6 24.Rcc1 f6 25.Nc4 Nc6 26.d5 exd5 27.exd5 Nb4 28.
Ne3 Kf7 29.Kf3 Rd6 30.g4 g6 31.h4 h5 32.f5 hxg4+ 33.Kxg4 gxf5+ 34.Nxf5 Rd7
35.d6 c5 36.Kf4 Nc6 37.h5 Ne5 38.Rc3 Ke6 39.Rg1 Rh7 40.h6 Nf7 41.Rg7 Rch8 
42.Re3+ Ne5 43.d7 Rxg7 44.hxg7 Rd8 45.Nh6 1-0

[Event "39th WCh U20 Girls"]
[Site "Mexico City MEX"]
[Date "2023.09.22"]
[Round "3.2"]
[White "Mkrtchian, Mariam"]
[Black "Zhang Xiao"]
[Result "1-0"]
[WhiteElo "2343"]
[BlackElo "2128"]
[EventDate "2023.09.21"]
[PlyCount "115"]

1.d4 d5 2.Nf3 Nf6 3.g3 c5 4.Bg2 cxd4 5.O-O h6 6.b3 g6 7.Bb2 Bg7 8.Nxd4 e5 
9.Nf3 e4 10.Nd4 O-O 11.Na3 Nc6 12.c4 Nxd4 13.Bxd4 Qe7 14.c5 Bd7 15.Nc2 
Rfd8 16.Qd2 Bc6 17.Qc3 Rac8 18.a4 Ne8 19.Rfc1 Bxd4 20.Nxd4 Ng7 21.b4 Ne6 
22.Ra2 Be8 23.Nxe6 Qxe6 24.Qd4 b6 25.e3 a5 26.Raa1 axb4 27.cxb6 b3 28.Bf1 
Rc2 29.Rxc2 bxc2 30.Rc1 Qc6 31.Bb5 Qc8 32.Bxe8 Rxe8 33.Qb2 Qa6 34.Rxc2 Rb8
35.a5 Qxa5 36.b7 Qd8 37.Qb5 Kg7 38.Qc6 Qe7 39.Rb2 Qe5 40.Rb5 Rd8 41.h3 
Qa1+ 42.Kg2 Qa4 43.Qc3+ d4 44.Qb2 Rb8 45.Qxd4+ Qxd4 46.exd4 Kf6 47.Kf1 Ke6
48.Ke2 Kd6 49.Ke3 Kc6 50.Rb4 Kd5 51.Kf4 f5 52.h4 Kd6 53.h5 gxh5 54.Kxf5 
Kd5 55.Kg6 Kc6 56.Kxh5 Rxb7 57.Rxb7 Kxb7 58.Kxh6 1-0

[Event "39th WCh U20 Girls"]
[Site "Mexico City MEX"]
[Date "2023.09.22"]
[Round "3.3"]
[White "Goraj, Barbara"]
[Black "Rakshitta, Ravi"]
[Result "1/2-1/2"]
[WhiteElo "2135"]
[BlackElo "2272"]
[EventDate "2023.09.21"]
[PlyCount "61"]

1.Nf3 Nf6 2.c4 e6 3.e3 d5 4.Nc3 c5 5.cxd5 Nxd5 6.Nxd5 Qxd5 7.b3 Be7 8.Bb2 
O-O 9.Bc4 Qd6 10.O-O Nc6 11.d4 cxd4 12.Nxd4 Bf6 13.Nxc6 Qxd1 14.Raxd1 Bxb2
15.Ne7+ Kh8 16.Nxc8 Raxc8 17.Rd7 Rb8 18.Rfd1 Kg8 19.Kf1 Bf6 20.Ke2 Rfd8 
21.e4 a6 22.Rxd8+ Rxd8 23.Rxd8+ Bxd8 24.h3 Kf8 25.f4 Ke7 26.e5 f6 27.Kf3 
fxe5 28.fxe5 Bc7 29.Ke4 Bb8 30.Bd3 h6 31.Bc4 1/2-1/2

[Event "39th WCh U20 Girls"]
[Site "Mexico City MEX"]
[Date "2023.09.22"]
[Round "3.4"]
[White "Hryzlova, Sofiia"]
[Black "Vanduyfhuys, Daria"]
[Result "1-0"]
[WhiteElo "2228"]
[BlackElo "2088"]
[EventDate "2023.09.21"]
[PlyCount "81"]

1.d4 Nf6 2.Bf4 e6 3.e3 d5 4.Nf3 c5 5.c3 Nc6 6.Nbd2 Bd6 7.Ne5 Qc7 8.Ndf3 
Nd7 9.Bb5 O-O 10.Bxc6 bxc6 11.Qa4 f6 12.Nxd7 Qxd7 13.Bxd6 Qxd6 14.Qa3 Rb8 
15.dxc5 Qc7 16.Rc1 e5 17.O-O Be6 18.b4 Rb7 19.Nd2 Rfb8 20.Qa6 Rb5 21.a3 
Bc8 22.Qa4 a5 23.Qc2 Be6 24.f4 Ra8 25.Nf3 g6 26.fxe5 fxe5 27.e4 axb4 28.
axb4 d4 29.cxd4 Rxb4 30.Qd2 Qb7 31.Nxe5 Raa4 32.Qh6 Ra8 33.Nxg6 Qg7 34.
Qxg7+ Kxg7 35.Nf4 Bf7 36.Rcd1 Rd8 37.d5 Rc4 38.dxc6 Rxd1 39.Rxd1 Rxc5 40.
Rd6 Kf8 41.Nd5 1-0

[Event "39th WCh U20 Girls"]
[Site "Mexico City MEX"]
[Date "2023.09.22"]
[Round "3.5"]
[White "Bommini, Mounika Akshaya"]
[Black "Krasteva, Beloslava"]
[Result "1/2-1/2"]
[WhiteElo "2096"]
[BlackElo "2223"]
[EventDate "2023.09.21"]
[PlyCount "87"]

1.d4 Nf6 2.c4 e6 3.Nc3 Bb4 4.e3 O-O 5.Bd2 d5 6.Nf3 b6 7.cxd5 exd5 8.Bd3 
Bd6 9.Nb5 Be7 10.Ne5 Bb7 11.O-O c5 12.f4 Nc6 13.Rc1 a6 14.Nc3 cxd4 15.Nxc6
Bxc6 16.exd4 Ne4 17.Be3 Bb7 18.Bxe4 dxe4 19.d5 b5 20.a3 Rc8 21.f5 Re8 22.
Qg4 Bf6 23.Rfd1 Rc4 24.d6 Qd7 25.Rd2 a5 26.Rcd1 Bxc3 27.bxc3 f6 28.Rc2 
Rec8 29.Bb6 a4 30.Qg3 Bc6 31.Rf2 Re8 32.Qe3 Qb7 33.Bc7 Bd7 34.g4 Qc6 35.
Ba5 Re5 36.Bb4 Kf7 37.h3 Re8 38.Rfd2 Qb7 39.Kh2 Rcc8 40.Kg3 Re5 41.Rd4 Rg8
42.Re1 Bc6 43.c4 g6 44.cxb5 1/2-1/2

[Event "39th WCh U20 Girls"]
[Site "Mexico City MEX"]
[Date "2023.09.22"]
[Round "3.6"]
[White "Ciolacu, Alessia-Mihaela"]
[Black "Walter, Ema"]
[Result "1/2-1/2"]
[WhiteElo "2199"]
[BlackElo "2063"]
[EventDate "2023.09.21"]
[PlyCount "126"]

1.Nf3 Nf6 2.c4 e6 3.g3 d5 4.Bg2 Be7 5.O-O O-O 6.d4 dxc4 7.Qc2 b6 8.Qxc4 
Bb7 9.Nc3 Nbd7 10.Rd1 Qc8 11.Ne5 Bxg2 12.Kxg2 c5 13.Nxd7 Qxd7 14.e4 cxd4 
15.Rxd4 Qb7 16.Bf4 Rac8 17.Qe2 Bc5 18.Rd3 Bb4 19.Bd6 Bxd6 20.Rxd6 b5 21.f3
b4 22.Nd1 Rfd8 23.Rd3 Qc7 24.Nf2 Rxd3 25.Qxd3 Rd8 26.Qb5 a5 27.a3 Rb8 28.
Qe2 h6 29.Qe3 bxa3 30.bxa3 Rb2 31.Rc1 Qb7 32.Qc5 Nd7 33.Qc8+ Qxc8 34.Rxc8+
Kh7 35.Rc3 a4 36.Kf1 Ne5 37.f4 Rb3 38.Nd1 Rb1 39.Ke2 Nd7 40.Rc7 Nb6 41.
Rxf7 Ra1 42.Rb7 Ra2+ 43.Kd3 Rxa3+ 44.Kc2 Ra2+ 45.Nb2 Nc8 46.Kb1 Ra3 47.Rb4
Nd6 48.e5 Nf5 49.Nxa4 g5 50.Nc5 gxf4 51.Rxf4 Ra5 52.Nd3 Rd5 53.Kc2 Nd4+ 
54.Kd2 Nf5 55.g4 Nd4 56.h4 Kg7 57.h5 Nc6 58.Re4 Ra5 59.Nf4 Rxe5 60.Nxe6+ 
Kf6 61.g5+ Kxe6 62.Rxe5+ Nxe5 63.gxh6 Kf6 1/2-1/2

[Event "39th WCh U20 Girls"]
[Site "Mexico City MEX"]
[Date "2023.09.22"]
[Round "3.7"]
[White "Ter-Avetisjana, Agnesa Stepania"]
[Black "Getman, Tatyana"]
[Result "0-1"]
[WhiteElo "2080"]
[BlackElo "2172"]
[EventDate "2023.09.21"]
[PlyCount "78"]

1.e4 c5 2.Nf3 d6 3.Bb5+ Nd7 4.c3 Nf6 5.Qe2 a6 6.Ba4 b5 7.Bc2 Bb7 8.O-O e6 
9.d4 Be7 10.Bg5 h6 11.Bh4 O-O 12.Rd1 Qc7 13.Bd3 e5 14.Nbd2 exd4 15.cxd4 
Rfe8 16.Qf1 c4 17.Rac1 Nxe4 18.Bxe4 Bxe4 19.Nxe4 Bxh4 20.Nc3 Bf6 21.a4 Qb7
22.axb5 axb5 23.Re1 b4 24.Rxe8+ Rxe8 25.Nd1 d5 26.Ne3 b3 27.Ra1 Ra8 28.Qb1
g6 29.g3 Nb6 30.Kg2 h5 31.h4 Kg7 32.g4 Rxa1 33.Qxa1 c3 34.bxc3 Nc4 35.Nxc4
dxc4 36.gxh5 Qe4 37.Kg3 gxh5 38.Qc1 Qg4+ 39.Kh2 Qxf3 0-1